000 00348cam a2200145ua 4500
041 _aeng
_h
082 _a928.23
_bTRO/AU
100 _aTrollope, Anthony.
245 _aAutobiography /
_cAnthony Trollope.
_hTextual Documents
260 _a :
_bGeoffrey Cumberlege ,
_c1950.
300 _a411 ; .
504 _a
942 _cBK
999 _c412
_d412